[Event "81.Camp. Veneto Quarti di Finale"]
[Site "Verona ITA"]
[Date "2022.05.08"]
[Round "5.3"]
[White "Casadio, Niccolò"]
[Black "Boraso, Alessio"]
[Result "0-1"]
[WhiteElo "2127"]
[BlackElo "2287"]
[Annotator "Gabriele Ballarin"]
[PlyCount "132"]
[EventDate "2022.05.06"]
[EventType "swiss"]
[EventRounds "5"]
[EventCountry "ITA"]

1. e4 c5 2. Nf3 e6 3. d4 cxd4 4. Nxd4 Nf6 5. Nc3 Nc6 6. Be3 Bb4 7. Nxc6 bxc6 8. e5 Nd5 9. Bd2 Nxc3 10. bxc3 Be7 11. Qg4 Kf8 12. Bd3 Qc7 13. Qg3 Bb7 14. O-O c5 15. c4 h5 16. f4 h4 17. Qh3 g6 18. Rae1 Rh5 19. Be2 Rh7 20. Rb1 Bc6 21. Bf3 Rh8 22. Rb3 Kg7 23. Rfb1 Rab8 24. Bxc6 Rxb3 25. axb3 Qxc6 26. Ra1 a6 27. Qf3 Rc8 28. Qe3 d5 29. exd6 Bf6 30. Bc3 Qxd6 31. Bxf6+ Kxf6 32. Kf2 Rd8 33. Ke2 h3 34. gxh3 Qc6 35. Kf2 Rd4 36. Ra5 Qd6 37. Qe5+ Qxe5 38. fxe5+ Kxe5 39. Rxc5+ Kf4 40. Ke2 Re4+ 41. Kd2 f5 42. Ra5 Rd4+ 43. Ke2 Rd6 44. c5 Rc6 45. Ra4+ Ke5 46. b4 f4 47. c4 g5 48. Kd3 Kf5 49. Ra1 e5 50. Rc1 e4+ 51. Ke2 Ke6 52. b5 Rxc5 53. b6 Kd7 54. Ra1 a5 55. Kd2 Kc6 56. Rb1 Kb7 57. Kc3 e3 58. Kd4 Rc6 59. c5 e2 60. Re1 f3 61. Ke3 Rf6 62. Kf2 Kc6 63. Rb1 Rf7 64. Ra1 Re7 65. Re1 Kxc5 66. Rb1 e1=Q+ 0-1

[Event "81.Camp. Veneto Quarti di Finale"]
[Site "Verona ITA"]
[Date "2022.05.08"]
[Round "5.4"]
[White "Negro, Raffaele"]
[Black "Simonetto, Andrea"]
[Result "0-1"]
[WhiteElo "1655"]
[BlackElo "2249"]
[Annotator "Gabriele Ballarin"]
[PlyCount "162"]
[EventDate "2022.05.06"]
[EventType "swiss"]
[EventRounds "5"]
[EventCountry "ITA"]

1. d4 d5 2. Nf3 Nf6 3. e3 e6 4. Bd3 c5 5. O-O Be7 6. Nbd2 O-O 7. c3 b6 8. e4 dxe4 9. Nxe4 Nbd7 10. dxc5 bxc5 11. Re1 Bb7 12. Qe2 h6 13. Bf4 Qb6 14. Nxf6+ Nxf6 15. Ne5 Rad8 16. Rad1 Ba8 17. Bb5 Rxd1 18. Rxd1 Rd8 19. Rxd8+ Bxd8 20. Bc4 Qb7 21. f3 Nd5 22. Bg3 Bg5 23. Bb5 Qc8 24. h4 Bf6 25. c4 Nb6 26. a4 Qd8 27. Qd3 Qc7 28. f4 a6 29. Bxa6 Nxa4 30. b3 Bxe5 31. fxe5 Qc6 32. Qd8+ Kh7 33. Qd3+ g6 34. Qc2 Nc3 35. Bb5 Nxb5 36. cxb5 Qxb5 37. h5 Bd5 38. hxg6+ fxg6 39. Bf2 Qa5 40. Qxc5 Qa1+ 41. Kh2 Qxe5+ 42. Bg3 Qg7 43. b4 Qb7 44. Be5 Bxg2 45. Qf8 g5 46. Qh8+ Kg6 47. Qf6+ Kh5 48. Qxe6 Bd5 49. Qh3+ Kg6 50. Qd3+ Kh5 51. Qh3+ Kg6 52. Qd3+ Be4 53. Qd6+ Kh5 54. Kg3 Qc8 55. Qd1+ Kg6 56. Qd6+ Kh5 57. Qd1+ g4 58. Qd4 Qc2 59. Kf4 Bg6 60. Bf6 Qf5+ 61. Ke3 Qf3+ 62. Kd2 Bf5 63. b5 g3 64. b6 Qb3 65. Qh4+ Kg6 66. Bd4 Qc2+ 67. Ke1 Qb1+ 68. Kd2 Qc2+ 69. Ke1 g2 70. Qg3+ Kf7 71. Qg7+ Ke8 72. Qg8+ Kd7 73. Qf7+ Kd6 74. Qf6+ Kd5 75. Qd8+ Ke4 76. b7 Qc1+ 77. Kf2 Qf1+ 78. Kg3 Qf3+ 79. Kh2 Qh3+ 80. Kg1 Qh1+ 81. Kf2 g1=Q+ 0-1

[Event "81.Camp. Veneto Quarti di Finale"]
[Site "Verona ITA"]
[Date "2022.05.08"]
[Round "5.5"]
[White "Coratella, Giuseppe"]
[Black "Serea, Gabriele"]
[Result "1-0"]
[WhiteElo "2187"]
[BlackElo "1722"]
[Annotator "Gabriele Ballarin"]
[PlyCount "73"]
[EventDate "2022.05.06"]
[EventType "swiss"]
[EventRounds "5"]
[EventCountry "ITA"]

1. e4 e5 2. Nf3 Nc6 3. c4 Nf6 4. Nc3 Bc5 5. h3 d6 6. g3 Be6 7. d3 h6 8. Bg2 Qd7 9. Nd5 Bxd5 10. cxd5 Nd4 11. O-O O-O 12. Kh2 Nh7 13. Nxd4 Bxd4 14. h4 Nf6 15. Bh3 Qe7 16. Qc2 Kh7 17. Kg2 Rg8 18. Bd2 Ne8 19. Rac1 Bb6 20. b4 a5 21. Qa4 Nf6 22. bxa5 Bc5 23. Qb5 Rgb8 24. Rc2 b6 25. Rb1 bxa5 26. Qxb8 Rxb8 27. Rxb8 Bb6 28. Ra8 Nd7 29. Bxa5 Bxa5 30. Rxa5 Nc5 31. Ra8 Nxd3 32. Rc3 Nc5 33. a4 g6 34. Re3 c6 35. dxc6 Qc7 36. Rc8 Qa7 37. c7 1-0

[Event "81.Camp. Veneto Quarti di Finale"]
[Site "Verona ITA"]
[Date "2022.05.08"]
[Round "5.6"]
[White "Gennari, Jacopo"]
[Black "Gennari, Andrea"]
[Result "1-0"]
[WhiteElo "2073"]
[BlackElo "1749"]
[Annotator "Gabriele Ballarin"]
[PlyCount "109"]
[EventDate "2022.05.06"]
[EventType "swiss"]
[EventRounds "5"]
[EventCountry "ITA"]

1. d4 Nf6 2. c4 e6 3. Nc3 Bb4 4. f3 d5 5. cxd5 exd5 6. a3 Bxc3+ 7. bxc3 O-O 8. e3 Bf5 9. Bd3 Bg6 10. Ne2 Nbd7 11. O-O c5 12. Rb1 Qc7 13. Ng3 Rfe8 14. Re1 cxd4 15. cxd4 Bxd3 16. Qxd3 Rad8 17. Bb2 b6 18. e4 dxe4 19. fxe4 Qf4 20. Rf1 Qh4 21. Qf3 Nxe4 22. Qxf7+ Kh8 23. Rf4 Qh6 24. Rxe4 Rxe4 25. Nxe4 Qe3+ 26. Kh1 Qxe4 27. Rf1 Qe2 28. d5 Qxb2 29. Qxd7 Rg8 30. Qxa7 Qb5 31. Qf7 h6 32. h3 Rd8 33. Rd1 Qb3 34. Qf3 Qxf3 35. gxf3 Kg8 36. Kg2 Kf7 37. Kf2 Kf6 38. Ke3 Kg5 39. f4+ Kf5 40. Kd4 Ra8 41. Kc4 Kf6 42. d6 Ke6 43. d7 Ke7 44. Kb5 Kd8 45. Rd3 g5 46. fxg5 Ra5+ 47. Kxb6 Rxg5 48. a4 Rg1 49. a5 Rb1+ 50. Ka7 Ra1 51. a6 Rc1 52. Rd6 Rc3 53. Kb7 Rxh3 54. a7 Rb3+ 55. Rb6 1-0

[Event "81.Camp. Veneto Quarti di Finale"]
[Site "Verona ITA"]
[Date "2022.05.08"]
[Round "5.7"]
[White "Tommasi, Matteo"]
[Black "Vincenti, Leonardo"]
[Result "1-0"]
[WhiteElo "999"]
[BlackElo "1770"]
[Annotator "Gabriele Ballarin"]
[PlyCount "69"]
[EventDate "2022.05.06"]
[EventType "swiss"]
[EventRounds "5"]
[EventCountry "ITA"]

1. a3 g6 2. d4 d5 3. Nf3 Nf6 4. Nbd2 Bg7 5. Nb3 b6 6. h3 a5 7. a4 h5 8. Bf4 Ba6 9. c3 Nbd7 10. Nbd2 c5 11. e3 Bxf1 12. Nxf1 Ne4 13. N1d2 Nxd2 14. Qxd2 O-O 15. O-O Re8 16. Rfd1 e6 17. Bg3 Nf6 18. Bh4 Qd7 19. Ne5 Qc7 20. Bxf6 Bxf6 21. f4 Bxe5 22. fxe5 Qc6 23. Rf1 c4 24. Rf6 b5 25. Raf1 Re7 26. Qf2 Raa7 27. g4 hxg4 28. hxg4 Qe8 29. g5 Kg7 30. Qf4 bxa4 31. Kg2 Reb7 32. Rh1 Qd8 33. Qh4 Kf8 34. Qh8+ Ke7 35. Rxf7+ 1-0

[Event "81.Camp. Veneto Quarti di Finale"]
[Site "Verona ITA"]
[Date "2022.05.08"]
[Round "5.8"]
[White "Gennari, Leone"]
[Black "Vujicic, Luigi"]
[Result "1/2-1/2"]
[WhiteElo "1754"]
[BlackElo "1952"]
[Annotator "Gabriele Ballarin"]
[PlyCount "121"]
[EventDate "2022.05.06"]
[EventType "swiss"]
[EventRounds "5"]
[EventCountry "ITA"]

1. d4 Nf6 2. c4 e6 3. Nc3 Bb4 4. f3 d5 5. e3 b6 6. a3 Bxc3+ 7. bxc3 O-O 8. cxd5 exd5 9. Bd3 Re8 10. Ne2 c5 11. O-O c4 12. Bc2 Bb7 13. Re1 Nc6 14. Ng3 Qc7 15. e4 b5 16. e5 Nd7 17. f4 Ne7 18. Qg4 Ng6 19. h4 Bc8 20. Nf5 Nf6 21. Qg3 Bxf5 22. Bxf5 Qe7 23. Bd2 Nh5 24. Qf2 Qxh4 25. Qxh4 Nxh4 26. Bd7 Red8 27. Bxb5 Ng3 28. Kh2 Ne4 29. Rxe4 dxe4 30. Bc6 Rab8 31. Bxe4 Ng6 32. Kg3 Rb2 33. Be1 Ne7 34. Kf3 Rb3 35. Ke3 Nd5+ 36. Bxd5 Rxd5 37. Ke4 Rdb5 38. d5 Rb8 39. Kd4 Rc8 40. d6 Kf8 41. f5 Rb6 42. Bg3 Rb2 43. Rd1 Rxg2 44. Be1 Rg4+ 45. Kd5 Rf4 46. d7 Rd8 47. Kd6 Rxf5 48. Bh4 g5 49. Be1 Rf3 50. Rd4 Rd3 51. a4 g4 52. Bh4 Rxd4+ 53. cxd4 Rxd7+ 54. Kxd7 c3 55. d5 c2 56. Bg5 g3 57. e6 fxe6 58. dxe6 Kg7 59. e7 g2 60. e8=Q g1=Q 61. Qe7+ 1/2-1/2

[Event "81.Camp. Veneto Quarti di Finale"]
[Site "Verona ITA"]
[Date "2022.05.08"]
[Round "5.9"]
[White "Gurzoni, Francesco"]
[Black "Boraso, Francesco"]
[Result "1/2-1/2"]
[WhiteElo "1540"]
[BlackElo "1905"]
[Annotator "Gabriele Ballarin"]
[PlyCount "100"]
[EventDate "2022.05.06"]
[EventType "swiss"]
[EventRounds "5"]
[EventCountry "ITA"]

1. e4 c5 2. d4 cxd4 3. c3 dxc3 4. Nxc3 Nc6 5. Nf3 e6 6. Bc4 Bb4 7. O-O Nge7 8. Qe2 a6 9. Rd1 O-O 10. Bf4 Ng6 11. Bd6 Bxd6 12. Rxd6 b5 13. Bb3 Na5 14. Rad1 Nxb3 15. axb3 Qa5 16. R1d2 Qb4 17. Qd1 Ra7 18. R2d4 Qc5 19. b4 Qh5 20. Qd2 Rc7 21. Qe3 Rd8 22. h3 Bb7 23. Rd1 Ne5 24. Nxe5 Qxe5 25. Qb6 Rdc8 26. Rxd7 h6 27. Rd8+ Rxd8 28. Rxd8+ Kh7 29. Qd6 Qxd6 30. Rxd6 Kg6 31. f3 Kf6 32. Kf2 Ke7 33. Rd1 Rc4 34. Rd2 Rxb4 35. Ke3 Rc4 36. Rd4 e5 37. Rxc4 bxc4 38. Na4 Bc6 39. Nb6 Bb5 40. Nd5+ Kd6 41. Kd2 f5 42. Kc3 fxe4 43. fxe4 Kc5 44. Ne3 g6 45. Ng4 Bc6 46. Nf6 h5 47. h4 a5 48. g4 hxg4 49. Nxg4 Bxe4 50. Nxe5 Bf5 1/2-1/2

[Event "81.Camp. Veneto Quarti di Finale"]
[Site "Verona ITA"]
[Date "2022.05.08"]
[Round "5.10"]
[White "Amadardo, Matteo"]
[Black "Danieli, Enrico"]
[Result "0-1"]
[WhiteElo "1504"]
[BlackElo "1894"]
[Annotator "Gabriele Ballarin"]
[PlyCount "96"]
[EventDate "2022.05.06"]
[EventType "swiss"]
[EventRounds "5"]
[EventCountry "ITA"]

1. c4 e6 2. g3 d5 3. cxd5 exd5 4. Bg2 c6 5. Nf3 Nf6 6. O-O Be7 7. a3 O-O 8. b4 Nbd7 9. Bb2 Re8 10. d3 Bd6 11. Nbd2 a5 12. bxa5 Rxa5 13. e3 Qe7 14. Nb3 Ra8 15. a4 Ne5 16. Nxe5 Bxe5 17. Ba3 Bd6 18. Bb2 Bf5 19. Nd4 Bg6 20. Qb3 h5 21. h4 Ng4 22. Ba3 Bxa3 23. Qxa3 Ne5 24. Qxe7 Rxe7 25. e4 dxe4 26. dxe4 Nd3 27. Nf5 Bxf5 28. exf5 Ra5 29. Rfd1 Nc5 30. f6 gxf6 31. Rd4 Kg7 32. Rb4 f5 33. Kh2 Nd3 34. Rb3 Nxf2 35. Rab1 Ra7 36. a5 Ne4 37. a6 bxa6 38. Rb6 c5 39. Bf3 Nd2 40. Ra1 Nxf3+ 41. Kg2 Nd4 42. Raxa6 Rxa6 43. Rxa6 Rc7 44. Rd6 Ne6 45. Kf2 c4 46. Ke2 c3 47. Kd1 c2+ 48. Kc1 Nd4 0-1

[Event "81.Camp. Veneto Quarti di Finale"]
[Site "Verona ITA"]
[Date "2022.05.08"]
[Round "5.11"]
[White "Queiroz, Stella Becker"]
[Black "Passon, Stefano"]
[Result "1-0"]
[WhiteElo "1807"]
[BlackElo "1698"]
[Annotator "Gabriele Ballarin"]
[PlyCount "59"]
[EventDate "2022.05.06"]
[EventType "swiss"]
[EventRounds "5"]
[EventCountry "ITA"]

1. e4 e5 2. Nf3 Nc6 3. Bc4 Bc5 4. d3 Nf6 5. O-O d6 6. Be3 Bb6 7. c3 O-O 8. Nbd2 Be6 9. Bb3 d5 10. exd5 Bxd5 11. Bc2 Ng4 12. Bxb6 axb6 13. h3 Nf6 14. b3 Nd7 15. d4 exd4 16. Nxd4 Nxd4 17. cxd4 Qg5 18. Nf3 Qf4 19. Qd3 Nf6 20. Rfe1 Rfe8 21. Ne5 g6 22. a4 c6 23. Bd1 Nd7 24. Qe3 Qf5 25. Bg4 Qc2 26. Bxd7 Re7 27. Qh6 f6 28. Ng4 Rf7 29. Be8 Rf8 30. Re7 1-0

[Event "81.Camp. Veneto Quarti di Finale"]
[Site "Verona ITA"]
[Date "2022.05.08"]
[Round "5.12"]
[White "Calore, Elias"]
[Black "Conte, Edoardo"]
[Result "0-1"]
[WhiteElo "1443"]
[BlackElo "1754"]
[Annotator "Gabriele Ballarin"]
[PlyCount "60"]
[EventDate "2022.05.06"]
[EventType "swiss"]
[EventRounds "5"]
[EventCountry "ITA"]

1. d4 Nf6 2. Bg5 e6 3. e4 h6 4. Bxf6 Qxf6 5. c3 c5 6. Nf3 Nc6 7. Be2 cxd4 8. O-O dxc3 9. Nxc3 a6 10. Rc1 Be7 11. Re1 O-O 12. e5 Nxe5 13. Nxe5 Qxe5 14. Bxa6 Qd6 15. Qxd6 Bxd6 16. Bb5 Bf4 17. Rc2 d5 18. Na4 Ra5 19. Nc3 Rd8 20. a4 Bd7 21. b4 Raa8 22. Bxd7 Rxd7 23. g3 Bg5 24. Ra2 Rc7 25. Nb5 Rc4 26. Rb1 Be7 27. Na3 Rxb4 28. Rxb4 Bxb4 29. Nc2 Bc3 30. h4 b5 0-1

[Event "81.Camp. Veneto Quarti di Finale"]
[Site "Verona ITA"]
[Date "2022.05.08"]
[Round "5.13"]
[White "Pigaiani, Francesco"]
[Black "Tomio, Dante"]
[Result "0-1"]
[WhiteElo "1330"]
[BlackElo "1650"]
[Annotator "Gabriele Ballarin"]
[PlyCount "86"]
[EventDate "2022.05.06"]
[EventType "swiss"]
[EventRounds "5"]
[EventCountry "ITA"]

1. e4 c5 2. Nc3 e6 3. Nge2 a6 4. g3 b5 5. Bg2 Bb7 6. O-O Qc7 7. d3 Nc6 8. f4 d6 9. f5 Nf6 10. fxe6 fxe6 11. d4 cxd4 12. Nxd4 Nxd4 13. Qxd4 d5 14. Kh1 Bc5 15. Bf4 Bxd4 16. Bxc7 Bxc3 17. bxc3 O-O 18. exd5 Bxd5 19. Bxd5 Nxd5 20. Bd6 Rxf1+ 21. Rxf1 Nxc3 22. a3 h6 23. Re1 Re8 24. Bb4 Nd5 25. Kg2 Nxb4 26. axb4 Kf7 27. h4 Rc8 28. Rf1+ Ke7 29. Ra1 Rxc2+ 30. Kf3 Rc6 31. Rb1 h5 32. Kf4 Kf6 33. Ke3 Rc3+ 34. Kf2 Kf5 35. Ra1 Rc6 36. Rd1 g6 37. Rd3 Rc4 38. Rf3+ Ke5 39. Re3+ Re4 40. Kf3 Rxe3+ 41. Kxe3 Kf5 42. Kf3 e5 43. Ke3 e4 0-1

[Event "81.Camp. Veneto Quarti di Finale"]
[Site "Verona ITA"]
[Date "2022.05.08"]
[Round "5.14"]
[White "Zanotto, Enrico"]
[Black "Righi, Francesco"]
[Result "1-0"]
[WhiteElo "1896"]
[BlackElo "1781"]
[Annotator "Gabriele Ballarin"]
[PlyCount "43"]
[EventDate "2022.05.06"]
[EventType "swiss"]
[EventRounds "5"]
[EventCountry "ITA"]

1. e4 c5 2. d4 cxd4 3. c3 dxc3 4. Nxc3 Nc6 5. Nf3 d6 6. Bc4 e6 7. O-O Be7 8. Qe2 a6 9. Rd1 Qc7 10. Bf4 Nf6 11. Rac1 O-O 12. e5 dxe5 13. Nxe5 Nxe5 14. Bxe5 Qa5 15. Rd3 Rd8 16. Rg3 b5 17. Bd3 Bb7 18. Qe3 b4 19. Bxh7+ Kxh7 20. Qg5 g6 21. Rh3+ Nh5 22. Rxh5+ 1-0

[Event "81.Camp. Veneto Quarti di Finale"]
[Site "Verona ITA"]
[Date "2022.05.08"]
[Round "5.15"]
[White "Fanchin, Matteo"]
[Black "Gallo, Pietro"]
[Result "1/2-1/2"]
[WhiteElo "1467"]
[BlackElo "1537"]
[Annotator "Gabriele Ballarin"]
[PlyCount "20"]
[EventDate "2022.05.06"]
[EventType "swiss"]
[EventRounds "5"]
[EventCountry "ITA"]

1. e4 c6 2. d4 d5 3. exd5 cxd5 4. c4 e6 5. Nf3 Nf6 6. Nc3 Nc6 7. c5 Be7 8. a3 O-O 9. Be2 Ne4 10. Qc2 f5 1/2-1/2

[Event "81.Camp. Veneto Quarti di Finale"]
[Site "Verona ITA"]
[Date "2022.05.08"]
[Round "5.16"]
[White "Bertani, Gianfranco"]
[Black "Gregory, Matteo"]
[Result "1-0"]
[WhiteElo "1946"]
[BlackElo "1329"]
[Annotator "Gabriele Ballarin"]
[PlyCount "99"]
[EventDate "2022.05.06"]
[EventType "swiss"]
[EventRounds "5"]
[EventCountry "ITA"]

1. d4 Nf6 2. e3 g6 3. f4 Bg7 4. Nf3 d5 5. Bd3 Bg4 6. Nbd2 O-O 7. O-O b6 8. h3 Bd7 9. Ne5 c5 10. c3 c4 11. Bc2 b5 12. e4 Qc8 13. Nxd7 Nbxd7 14. e5 Ne8 15. f5 Bxe5 16. dxe5 Nxe5 17. Nf3 Nxf3+ 18. Qxf3 Nf6 19. Bh6 Re8 20. Rae1 Qd7 21. fxg6 hxg6 22. Qg3 Kh7 23. Qh4 Rh8 24. Bg5+ Kg8 25. Qd4 a5 26. Qe5 Rh5 27. h4 Nh7 28. Qxe7 Qxe7 29. Bxe7 Re8 30. g3 f5 31. Bc5 Rc8 32. Bd4 Kf7 33. Bd1 Nf6 34. Bxh5 Nxh5 35. Kg2 b4 36. g4 Ng7 37. Bxg7 Kxg7 38. gxf5 gxf5 39. Rxf5 Rc5 40. h5 Rb5 41. Kh3 bxc3 42. bxc3 Rb2 43. Rg1+ Kh7 44. Rg2 Rb5 45. Rf7+ Kh8 46. Re2 Rb8 47. Rd7 Kg8 48. h6 Kf8 49. h7 Rb7 50. h8=Q# 1-0

[Event "81.Camp. Veneto Quarti di Finale"]
[Site "Verona ITA"]
[Date "2022.05.08"]
[Round "5.17"]
[White "Filippi, Marco"]
[Black "Pigato, Alex"]
[Result "1/2-1/2"]
[WhiteElo "1289"]
[BlackElo "1787"]
[Annotator "Gabriele Ballarin"]
[PlyCount "72"]
[EventDate "2022.05.06"]
[EventType "swiss"]
[EventRounds "5"]
[EventCountry "ITA"]

1. e4 d6 2. d4 Nf6 3. Nc3 c6 4. Bd3 e5 5. dxe5 dxe5 6. Nf3 Nbd7 7. O-O Be7 8. Bg5 O-O 9. Qe2 Qc7 10. Rfd1 Nc5 11. Qe3 Nxd3 12. Rxd3 h6 13. Bh4 Be6 14. Rad1 Rad8 15. Qxa7 Ra8 16. Qe3 Bc4 17. R3d2 Ng4 18. Qe1 Bxh4 19. Nxh4 Be6 20. h3 Nf6 21. Nf3 b5 22. a3 g5 23. Qe3 Kh7 24. Qc5 Nd7 25. Rxd7 Bxd7 26. Qe7 Rad8 27. Nxe5 Rde8 28. Qxd7 Qxe5 29. Qxc6 b4 30. axb4 Rd8 31. Rxd8 Rxd8 32. b5 Qf4 33. Nd5 Qc1+ 34. Kh2 Rxd5 35. exd5 Qf4+ 36. Kg1 Qc1+ 1/2-1/2

[Event "81.Camp. Veneto Quarti di Finale"]
[Site "Verona ITA"]
[Date "2022.05.08"]
[Round "5.18"]
[White "Coghi, Simone"]
[Black "Gneo, Marco"]
[Result "0-1"]
[WhiteElo "999"]
[BlackElo "1687"]
[Annotator "Gabriele Ballarin"]
[PlyCount "78"]
[EventDate "2022.05.06"]
[EventType "swiss"]
[EventRounds "5"]
[EventCountry "ITA"]

1. d4 Nf6 2. c4 e6 3. Nf3 b6 4. g3 Bb7 5. Bg2 d5 6. cxd5 exd5 7. O-O Be7 8. Bf4 O-O 9. Nc3 a6 10. Qc2 Nbd7 11. e3 Nh5 12. Ne2 Nxf4 13. Nxf4 Rc8 14. Qb3 Nf6 15. Nd2 g5 16. Nd3 Ba8 17. Rac1 c5 18. dxc5 bxc5 19. Ne5 Bd6 20. f4 gxf4 21. gxf4 Rb8 22. Qc3 Qb6 23. Nb3 d4 24. exd4 cxd4 25. Qd3 Bxg2 26. Kxg2 Kh8 27. Rc2 Qb7+ 28. Rf3 Rbc8 29. Rxc8 Rxc8 30. Qxd4 Rc2+ 31. Kg3 Ne4+ 32. Kg4 Kg8 33. Kf5 Bxe5 34. fxe5 Nd6+ 35. exd6 Qxf3+ 36. Qf4 Qd5+ 37. Kg4 Rc4 38. Qxc4 Qxc4+ 39. Kf5 Qd5+ 0-1

[Event "81.Camp. Veneto Quarti di Finale"]
[Site "Verona ITA"]
[Date "2022.05.08"]
[Round "5.19"]
[White "Giroldi, Gilberto"]
[Black "Pollesel, Francesco"]
[Result "0-1"]
[WhiteElo "1398"]
[BlackElo "999"]
[Annotator "Gabriele Ballarin"]
[PlyCount "82"]
[EventDate "2022.05.06"]
[EventType "swiss"]
[EventRounds "5"]
[EventCountry "ITA"]

1. e4 c6 2. Nf3 d5 3. e5 Bg4 4. Be2 e6 5. c3 Nd7 6. d4 Bxf3 7. Bxf3 c5 8. Be3 Ne7 9. Bg5 Qb6 10. Qd2 cxd4 11. cxd4 Nf5 12. O-O h6 13. Be3 Nxe3 14. fxe3 Rc8 15. Nc3 a5 16. b3 Bb4 17. Qf2 Bxc3 18. Rac1 O-O 19. Bh5 Qb4 20. Bxf7+ Kh8 21. Qg3 Qe7 22. Qg6 Nxe5 23. dxe5 Bxe5 24. Rxc8 Rxc8 25. g3 b5 26. Bxe6 Rf8 27. Rf7 Rxf7 28. Bxf7 d4 29. Qe6 Qxe6 30. Bxe6 dxe3 31. Kf1 Bd4 32. Ke2 Kh7 33. Bf5+ g6 34. Be4 b4 35. Bd3 h5 36. Be4 Kg7 37. Bd3 g5 38. Bf5 Kf6 39. Bd7 h4 40. g4 Ke5 41. h3 Kf4 0-1

[Event "81.Camp. Veneto Quarti di Finale"]
[Site "Verona ITA"]
[Date "2022.05.08"]
[Round "5.20"]
[White "Prealta, Fiorenzo"]
[Black "Peretti, Eva"]
[Result "0-1"]
[WhiteElo "1092"]
[BlackElo "1214"]
[Annotator "Gabriele Ballarin"]
[PlyCount "58"]
[EventDate "2022.05.06"]
[EventType "swiss"]
[EventRounds "5"]
[EventCountry "ITA"]

1. e4 e5 2. Ne2 Nf6 3. Ng3 Bc5 4. Be2 d6 5. d3 Nc6 6. c3 Be6 7. Bg5 h6 8. Bc1 O-O 9. O-O d5 10. b4 Bb6 11. a4 a6 12. a5 Ba7 13. Kh1 Qd7 14. f4 exf4 15. Bxf4 Bg4 16. e5 Bxe2 17. Qxe2 Rfe8 18. d4 Nd8 19. Qa2 Ne4 20. Nd2 Nxc3 21. Qb3 Bxd4 22. Rac1 Nb5 23. Nf3 Ne6 24. Be3 Bxe3 25. Qxe3 Nd8 26. Nh5 Nc6 27. Ng5 Rxe5 28. Rxf7 Qxf7 29. Nxf7 Rxe3 0-1

[Event "82. Provinciale ROV."]
[Site "Ceregnano ITA"]
[Date "2023.01.27"]
[Round "1.1"]
[White "Vincenzi, Marco"]
[Black "Demeio, Lorenzo"]
[Result "1-0"]
[WhiteElo "2029"]
[BlackElo "1542"]
[Annotator "Gabriele Ballarin"]
[PlyCount "67"]
[EventDate "2023.01.27"]
[EventType "swiss"]
[EventRounds "5"]
[EventCountry "ITA"]

1. e4 c6 2. d4 d5 3. e5 c5 4. dxc5 e6 5. Nf3 Bxc5 6. Bd3 Ne7 7. O-O Nbc6 8. c3 Qc7 9. b4 Bb6 10. Bf4 Bd7 11. a3 a6 12. Re1 d4 13. Nxd4 Nxd4 14. cxd4 Bxd4 15. Ra2 Nd5 16. Qd2 Qb6 17. b5 Nxf4 18. Qxf4 axb5 19. a4 Rxa4 20. Rc2 Bc6 21. Nd2 Ra3 22. Ne4 Bxe4 23. Qxe4 Rc3 24. Ra2 Rc8 25. Rd1 g6 26. Qxd4 Qxd4 27. Bxb5+ Ke7 28. Rxd4 Rc1+ 29. Bf1 Rb1 30. g3 Rc8 31. Kg2 Rcc1 32. Be2 b5 33. Ra7+ Kf8 34. Rdd7 1-0

[Event "82. Provinciale ROV."]
[Site "Ceregnano ITA"]
[Date "2023.01.27"]
[Round "1.2"]
[White "Simioli, Stefano"]
[Black "Aprile, Martino"]
[Result "0-1"]
[WhiteElo "1443"]
[BlackElo "1978"]
[Annotator "Gabriele Ballarin"]
[PlyCount "58"]
[EventDate "2023.01.27"]
[EventType "swiss"]
[EventRounds "5"]
[EventCountry "ITA"]

1. e4 c6 2. d4 d5 3. Nc3 dxe4 4. Nxe4 Nf6 5. Nxf6+ exf6 6. Bc4 Bd6 7. Ne2 O-O 8. O-O Bg4 9. h3 Bh5 10. g4 Bg6 11. Bf4 h6 12. f3 Re8 13. Qd2 b5 14. Bd3 Bxf4 15. Nxf4 Qxd4+ 16. Kg2 Bxd3 17. Nxd3 Na6 18. c3 Qd6 19. Qc2 h5 20. Kg1 Re3 21. Rad1 Rae8 22. Nb4 Nxb4 23. cxb4 Qxb4 24. Qxc6 Qf4 25. Qd6 R8e5 26. Qd2 g5 27. Rc1 Rd5 28. Qg2 Red3 29. Rc8+ Kg7 0-1

[Event "82. Provinciale ROV."]
[Site "Ceregnano ITA"]
[Date "2023.01.27"]
[Round "1.3"]
[White "Galliera, Dino"]
[Black "Sakharov, Sergiy"]
[Result "0-1"]
[WhiteElo "1877"]
[BlackElo "1423"]
[Annotator "Gabriele Ballarin"]
[PlyCount "120"]
[EventDate "2023.01.27"]
[EventType "swiss"]
[EventRounds "5"]
[EventCountry "ITA"]

1. d4 Nf6 2. c4 e6 3. g3 d5 4. Nf3 c5 5. cxd5 exd5 6. Bg2 Nc6 7. O-O cxd4 8. Nxd4 Bc5 9. Nf3 Bb6 10. Nc3 Be6 11. Bg5 O-O 12. e3 d4 13. Nxd4 Nxd4 14. exd4 Qxd4 15. Bxb7 Rad8 16. Qxd4 Rxd4 17. Bg2 Ng4 18. h3 h6 19. Bc1 Nxf2 20. Be3 Nxh3+ 21. Kh2 Ng5 22. Bxd4 Bxd4 23. Rfd1 Be5 24. Re1 f6 25. Rad1 h5 26. Ne2 h4 27. b3 Bg4 28. Rd5 Nf3+ 29. Bxf3 Bxf3 30. Rd7 Bxe2 31. Rxe2 hxg3+ 32. Kg2 Ra8 33. b4 Kh7 34. b5 Kh6 35. a4 g5 36. Rb7 Kg6 37. Rd2 Rh8 38. Rd1 Rh2+ 39. Kf3 Rf2+ 40. Ke4 g2 41. Rg1 Rf4+ 42. Kd5 Rxa4 43. Rxg2 Kf5 44. Rh7 g4 45. Rf2+ Bf4 46. Rh5+ Kg6 47. Rh1 f5 48. Re1 Kg5 49. Re8 g3 50. Rg8+ Kh4 51. Rh8+ Kg4 52. Rg8+ Bg5 53. Re2 Kf4 54. Rc2 Bf6 55. Rc6 Bd4 56. Rc2 Bb6 57. Rd2 Ra3 58. Rc2 Re3 59. Rg2 Re5+ 60. Kc4 Bf2 0-1

[Event "82. Provinciale ROV."]
[Site "Ceregnano ITA"]
[Date "2023.01.27"]
[Round "1.4"]
[White "De Marco, Leonardo"]
[Black "Matei, Cristian"]
[Result "0-1"]
[WhiteElo "1393"]
[BlackElo "1866"]
[Annotator "Gabriele Ballarin"]
[PlyCount "112"]
[EventDate "2023.01.27"]
[EventType "swiss"]
[EventRounds "5"]
[EventCountry "ITA"]

1. e4 c6 2. d4 d5 3. Nc3 dxe4 4. Nxe4 Bf5 5. Ng3 Bg6 6. h4 h6 7. Nf3 Nd7 8. h5 Bh7 9. Bd3 Bxd3 10. Qxd3 Ngf6 11. Bd2 Qb6 12. O-O-O O-O-O 13. Kb1 e6 14. c4 Qc7 15. Bc3 Bd6 16. Ne4 Nxe4 17. Qxe4 Nf6 18. Qd3 Kb8 19. Nd2 Rhe8 20. Ne4 Be7 21. f3 Rd7 22. Nxf6 Bxf6 23. Qe4 Red8 24. Rd3 b5 25. c5 b4 26. Bxb4 Rxd4 27. Rb3 Rxe4 28. Ba5+ Qb7 29. Rxb7+ Kxb7 30. Bxd8 Re2 31. Bxf6 gxf6 32. Rd1 Kc7 33. g4 Rf2 34. Rd3 e5 35. a3 Rh2 36. Ka2 Rh3 37. Re3 Kd7 38. Kb3 Ke6 39. Rd3 e4 40. Rd1 Rxf3+ 41. Kc2 Ke5 42. Re1 Kd5 43. Rd1+ Kxc5 44. Rd7 a5 45. Rxf7 Kc4 46. Rd7 Rf2+ 47. Kd1 Rxb2 48. Re7 Kd4 49. Rd7+ Ke3 50. Rd6 c5 51. Rxf6 Rg2 52. Rxh6 Rxg4 53. Rd6 Rh4 54. h6 c4 55. Rc6 a4 56. Rxc4 Kd3 0-1

[Event "82. Provinciale ROV."]
[Site "Ceregnano ITA"]
[Date "2023.01.27"]
[Round "1.5"]
[White "Zanirato, Stefano"]
[Black "Steffenato, Alberto"]
[Result "1-0"]
[WhiteElo "1786"]
[BlackElo "1389"]
[Annotator "Gabriele Ballarin"]
[PlyCount "109"]
[EventDate "2023.01.27"]
[EventType "swiss"]
[EventRounds "5"]
[EventCountry "ITA"]

1. e4 e6 2. d4 d5 3. Bd3 Nf6 4. Bg5 dxe4 5. Bxe4 Be7 6. Bxf6 Bxf6 7. c3 Nd7 8. Nf3 O-O 9. O-O c5 10. Na3 cxd4 11. Nxd4 Nc5 12. Bxh7+ Kxh7 13. Qh5+ Kg8 14. Qxc5 Bd7 15. Rad1 Be7 16. Qh5 Qc8 17. Ndb5 a6 18. Nd6 Qc6 19. Nac4 Be8 20. Nxe8 Raxe8 21. Ne3 Rd8 22. h3 Qb6 23. b3 Rxd1 24. Rxd1 Bc5 25. Qf3 Bxe3 26. Qxe3 Qxe3 27. fxe3 Rc8 28. c4 b5 29. Rc1 bxc4 30. Rxc4 Rxc4 31. bxc4 Kf8 32. Kf2 Ke7 33. Kf3 Kd6 34. Ke4 Kc5 35. Kd3 f5 36. g4 fxg4 37. hxg4 a5 38. g5 g6 39. a3 e5 40. Ke4 Kxc4 41. Kxe5 Kb3 42. Kf6 Kxa3 43. e4 Kb4 44. e5 a4 45. e6 a3 46. e7 a2 47. e8=Q a1=Q+ 48. Kxg6 Qb1+ 49. Kg7 Qb2+ 50. Kg8 Qg2 51. g6 Kc3 52. Qe5+ Kd3 53. Kf7 Qf3+ 54. Ke6 Kc2 55. Qf5+ 1-0